| 000 | 00904nam a2200205Ii 4500 | ||
|---|---|---|---|
| 003 | JO-AjNU | ||
| 008 | 230605s9999||||xx |||||||||||||| ||und|| | ||
| 040 |
_aJO-AjNU _bara _erda _cJO-AjNU |
||
| 041 | _aara | ||
| 050 | 1 | 4 | _aPJ6101.I143.U836 2002 |
| 100 | 3 |
_aشرح العثيمين، محمد بن صالح ؛ قام بختمه أبي حديفة محمد بن عبد الحليم, _eauthor _956389 |
|
| 245 | 0 | 0 | _aشرح الأجرومية للإمام أبي عبد الله محمد بن محمد بن داوود الصنهاجي المعروف بـ (إبن آجروم) (672-723) |
| 250 | _aط1 | ||
| 264 | 3 | 1 | _aالإسكندرية: دار الإيمان، 2002 ؛ د.م: مكتبة الأنصار، 2002 |
| 300 | _a438ص | ||
| 336 |
_atext _btxt _2rdacontent |
||
| 337 |
_aunmediated _bn _2rdamedia |
||
| 338 |
_avolume _bnc _2rdacarrier |
||
| 650 | 4 |
_a اللغة العربية - نحو _956390 |
|
| 999 |
_aA25207 _c28775 _d28775 |
||